00000000nam##2200000za#4500
0019.647212
003CaOODSP
00520200330130606
007ta
008150407|1997||||xxc|||||     f|0| 0 eng|d
020 |a0-662-27457-1
040 |aCaOODSP|beng
043 |an-cn---
0861 |aD82-45/1997E
1101 |aCanada.|bEmergency Preparedness Canada.
24510|aGuidelines on cultural diversity and disaster management : |bfinal report, December 1997 / |cby Gabriela Y. Solis, Henry C. Hightower and June Kawaguchi. Prepared by the Disaster Preparedness Resources Centre, University of British Columbia.
260 |bEmergency Preparedness Canada |c1997.
300 |a33p. in various pagings.|breferences
500 |a"This discussion paper offers suggestions to: educate emergency planners and responders about multi-cultural issues in disaster management; encourage planners to address the issues in their disaster preparedness programs; and provide practical suggestions for overcoming cultural and communication barriers before and during an emergency. While this paper can have broad applications for persons or groups involved in disaster preparedness and response, it contains draft guidelines, which may not necessarily be agreed upon by all agencies concerned with the topic."--Introduction. Produced within the Canadian Framework for the International Decade for Natural Disaster Reduction.
5203 |aThis discussion paper offers suggestions to: educate emergency planners and responders about multi-cultural issues in disaster management; encourage planners to address the issues in their disaster preparedness programs; and provide practical suggestions for overcoming cultural and communication barriers before and during an emergency. While this paper can have broad applications for persons or groups involved in disaster preparedness and response, it contains draft guidelines, which may not necessarily be agreed upon by all agencies concerned with the topic.--Introduction
563 |aProcessed
590 |a99-05|b1999-02-05
7201 |aSolis, Gabriela Y.
7201 |aHightower, Henry C.
7201 |aKawaguchi, June
77508|tLignes directrices sur la diversité culturelle et la gestion des catastrophes : |w(CaOODSP)9.680618
7760#|tGuidelines on cultural diversity and disaster management / |w(CaOODSP)9.695656